<?xml version="1.0" encoding="UTF-8"?>
<record
    xmlns:xsi="http://www.w3.org/2001/XMLSchema-instance"
    xsi:schemaLocation="http://www.loc.gov/MARC21/slim http://www.loc.gov/standards/marcxml/schema/MARC21slim.xsd"
    xmlns="http://www.loc.gov/MARC21/slim">

  <leader>01949agaaa2200325   4500</leader>
  <controlfield tag="001">7327</controlfield>
  <controlfield tag="003">IT-RoPAU</controlfield>
  <controlfield tag="005">20220918181229.0</controlfield>
  <controlfield tag="007">d cvaizq</controlfield>
  <controlfield tag="008">50131s9999||||xx ||| |     ||   ||und||</controlfield>
  <datafield tag="040" ind1=" " ind2=" ">
    <subfield code="a">IT-RoPAU</subfield>
    <subfield code="c">IT-RoPAU</subfield>
  </datafield>
  <datafield tag="041" ind1=" " ind2=" ">
    <subfield code="a">ITALIANO</subfield>
  </datafield>
  <datafield tag="100" ind1=" " ind2=" ">
    <subfield code="a">Rouffio Jacques</subfield>
    <subfield code="g">Codice regista SPICS: 17194</subfield>
    <subfield code="9">39972</subfield>
  </datafield>
  <datafield tag="130" ind1=" " ind2=" ">
    <subfield code="a">SIGNORA E' DI PASSAGGIO (LA)</subfield>
    <subfield code="9">39973</subfield>
  </datafield>
  <datafield tag="240" ind1=" " ind2=" ">
    <subfield code="a">PASSANTE DU SANS SOUCI (LA)</subfield>
    <subfield code="g">T0018</subfield>
  </datafield>
  <datafield tag="245" ind1=" " ind2=" ">
    <subfield code="a">SIGNORA E' DI PASSAGGIO (LA)</subfield>
    <subfield code="c">Prodotto da: Danon Raymond -- Sceneggiatura: Rouffio Jacques Kirsner Jacques -- Diretto da: Rouffio Jacques</subfield>
    <subfield code="p">SIGNORA E' DI PASSAGGIO (LA) (Rif. Codice opera principale : 37327)</subfield>
  </datafield>
  <datafield tag="246" ind1=" " ind2=" ">
    <subfield code="a">PASSANTE DU SANS SOUCI (LA)</subfield>
  </datafield>
  <datafield tag="250" ind1=" " ind2=" ">
    <subfield code="a">Edizione Standard</subfield>
  </datafield>
  <datafield tag="260" ind1=" " ind2=" ">
    <subfield code="a">BERLINO (FRANCIA - GERMANI)</subfield>
    <subfield code="b">ELEPHANT FILM AZ - GMBH COKG / Distribuzione: RAI</subfield>
    <subfield code="g">"1982 (1&#xB0; ed.: 1986 ; Ed. Lingua Orig.: 1982)"</subfield>
  </datafield>
  <datafield tag="300" ind1=" " ind2=" ">
    <subfield code="a">VHS</subfield>
    <subfield code="b">sonoro, col.</subfield>
    <subfield code="c">110 minuti</subfield>
  </datafield>
  <datafield tag="508" ind1=" " ind2=" ">
    <subfield code="a">"Fotografia: Penzer Jean; Montaggio: Ruiz Anna; Musica: Delerue Georges; Sceneggiatura: Rouffio Jacques Kirsner Jacques; Scenografia: Caziot Jean Jacques; "</subfield>
  </datafield>
  <datafield tag="511" ind1=" " ind2=" ">
    <subfield code="a">"Piccoli Michel; Schneider Romy; Griem Helmut; Carriere Mathieu; Werner Wendelin"</subfield>
  </datafield>
  <datafield tag="520" ind1=" " ind2=" ">
    <subfield code="a">BAUMSTEIN UN RICCO INDUSTRIALE EBREO UCCIDE A SANGUE FREDDO L'AMBASCIATOREDEL PARAGUAY DA LUI RICONOSCIUTO COME EX-UFFICIALE NAZISTA DURANTE IL PROCESSO SI RIEVOCANO LE FASI DELLA TORMENTATA VITA DI BAUMSTEIN E DELLA FAMIGLIA CHE LO AVEVA OSPITATO DURANTE IL NAZISMO BAUMSTEIN VIENE CONDANNATO A SOLI CINQUE ANNI CON LA CONDIZIONALE MA SEI MESI DOPO VIENE UCCISO CON SUA MOGLIE DA FANATICI NEONAZISTI FILM DRAMMATICO IN BIANCO E NERO</subfield>
  </datafield>
  <datafield tag="538" ind1=" " ind2=" ">
    <subfield code="a">PAL, STEREO</subfield>
  </datafield>
  <datafield tag="546" ind1=" " ind2=" ">
    <subfield code="a">ITALIANO</subfield>
  </datafield>
  <datafield tag="650" ind1=" " ind2=" ">
    <subfield code="a">DRAMMATICO</subfield>
    <subfield code="e">FILMS [VHS]</subfield>
    <subfield code="x">Codice MATERIA SPICS: 9960</subfield>
    <subfield code="9">34083</subfield>
  </datafield>
  <datafield tag="700" ind1=" " ind2=" ">
    <subfield code="a">Delerue Georges</subfield>
    <subfield code="e">(musica)</subfield>
    <subfield code="g">Codice Musica SPICS: 10858</subfield>
    <subfield code="9">39974</subfield>
  </datafield>
  <datafield tag="700" ind1=" " ind2=" ">
    <subfield code="a">Rouffio Jacques </subfield>
    <subfield code="e">(regista)</subfield>
    <subfield code="g">Codice regista SPICS: 17194</subfield>
    <subfield code="9">39975</subfield>
  </datafield>
  <datafield tag="942" ind1=" " ind2=" ">
    <subfield code="c">VH</subfield>
    <subfield code="2">ddc</subfield>
  </datafield>
  <datafield tag="999" ind1=" " ind2=" ">
    <subfield code="c">105188</subfield>
    <subfield code="d">105188</subfield>
  </datafield>
  <datafield tag="952" ind1=" " ind2=" ">
    <subfield code="0">0</subfield>
    <subfield code="1">0</subfield>
    <subfield code="4">0</subfield>
    <subfield code="6">37327_000000000000000</subfield>
    <subfield code="7">1</subfield>
    <subfield code="a">SPICS</subfield>
    <subfield code="b">SPICS</subfield>
    <subfield code="d">2015-01-31</subfield>
    <subfield code="l">0</subfield>
    <subfield code="o">37327</subfield>
    <subfield code="r">2015-01-31 00:00:00</subfield>
    <subfield code="w">2015-01-31</subfield>
    <subfield code="y">VH</subfield>
    <subfield code="z">Progr. Ins.: 1938 / N.Vol.:1 / Copie: 1 / Pag.: / Copia rara: n.d. / date import: 1.2.2015 / By Epidotti, Trombetti, Vaglietti</subfield>
  </datafield>
</record>
